000 00524nam a2200181Ia 4500
999 _c1539
_d1539
003 OSt
005 20201030131628.0
008 190216s9999||||xx |||||||||||||| ||und||
020 _a8177542060
040 _coclc
082 _a634.95
_bKAU/J
100 _aKaushik, Naresh
_95828
245 0 _aJatropha Curcas L Silviculture And Uses /
_cNaresh Kaushik ; Sushil Kumar
260 _bAgrobios ,
_c2004.
_aJodhpur:
300 _a53p
650 _aBotany
942 _cBK
_2ddc
_h634.95
_iKAU/J
_k634.95
_mKAU/J